| 000 | 00604nam a2200181 a 4500 | ||
|---|---|---|---|
| 005 | 20240920064444.0 | ||
| 008 | 991125s1947 mx 000 0 spa u | ||
| 035 | _aUPN01000001417 | ||
| 049 | _aSEP | ||
| 050 | 4 |
_aML3923 _bA5 |
|
| 245 | 0 | 0 |
_aAlbum de música para acompañar ejercicios de educación física / _cselec. y cortes de Concepción Tercero ; copista Francisco Moncada García. |
| 260 |
_aMéxico : _bINBA : _bSEP, _c1947. |
||
| 300 | _a287 p. | ||
| 650 | 4 |
_aEducación física _912884 |
|
| 650 | 4 |
_aMúsica _xEstudio y enseñanza _9174 |
|
| 700 | 1 |
_aTercero, Concepción, _ecomp. |
|
| 905 | _aLibro | ||
| 999 |
_c1417 _d1417 |
||